000 00749nam a2200181 i 4500
001 154239
003 ES-MaACL
005 20230906205600.0
008 050921s1875 fr |||| | fre d
040 _aCAM
_bspa
_cCAM
100 1 _aGarcin de Tassy, Joseph Heliodore.
_955475
245 1 3 _aLa langue et la littérature hindoustanies en 1874
_b: revue annuelle /
_cpar Garcin de Tassy.
260 _aParis :
_bLibrairie Orientale de Maisonneuve et Cie.,
_c1875 (
_eVersailles :
_fImp. G. Beaugrand et Dax)
300 _a116 p. ;
_c23 cm.
650 4 _aLengua indostánica.
_9162865
650 4 _aLiteratura india-
_xHistoria y crítica.
_9162866
852 _aES-MaACL
_jT-185-F-4
_z- Enc. hol., falto de la enc. original
_z- Enc en un vol. facticio
999 _c154239
_d154239